[Event "XXVI Ogolnopolska Olimpiada Mlodziezy"]
[Site "Pulawy"]
[Date "2020.10.06"]
[Round "3.16"]
[White "Dumin, Karolina"]
[Black "Pudelko, Magdalena"]
[Result "0-1"]
[WhiteElo "1014"]
[BlackElo "1382"]
[PlyCount "69"]
[EventDate "2020.10.04"]
[EventType "swiss"]
[Tiebreak "Sum of Buchholz+Median1 Buchholz+Sonneborn-Berger (Swiss)"]

1. d4 d5 2. c4 dxc4 3. Nc3 e6 4. e3 Bb4 5. Qa4+ Nc6 6. Bxc4 a6 7. Nf3 Bd7 8.
Qc2 Nf6 9. O-O O-O 10. Bd3 Bd6 11. Ne4 Nb4 12. Qd2 Nxd3 13. Nfg5 Nxe4 14. Nxe4
Nxc1 15. Raxc1 Bxh2+ 16. Kxh2 Qh4+ 17. Kg1 Qxe4 18. Rxc7 Bc6 19. f3 Qd5 20. b3
Qd8 21. Rxc6 bxc6 22. Rc1 Qd6 23. Qa5 Qd5 24. Qb6 Qb5 25. Qxc6 Qxc6 26. Rxc6
Rfc8 27. Rc4 Rxc4 28. bxc4 Rc8 29. c5 e5 30. Kf2 Kf8 31. Kg3 exd4 32. exd4 Rd8
33. c6 Rxd4 34. c7 Rc4 35. a3 0-1

[Event "XXVI Ogolnopolska Olimpiada Mlodziezy"]
[Site "Pulawy"]
[Date "2020.10.06"]
[Round "3.16"]
[White "Lewicka, Joanna"]
[Black "Makarec, Anna"]
[Result "1-0"]
[WhiteElo "1243"]
[BlackElo "1103"]
[PlyCount "89"]
[EventDate "2020.10.04"]
[EventType "swiss"]
[Tiebreak "Sum of Buchholz+Median1 Buchholz+Sonneborn-Berger (Swiss)"]

1. e4 e5 2. Nf3 Nc6 3. Bc4 Bc5 4. c3 Nf6 5. d4 exd4 6. cxd4 Bb4+ 7. Nc3 Nxe4 8.
O-O Bxc3 9. d5 Bf6 10. Re1 Ne7 11. Rxe4 d6 12. Bg5 Bxg5 13. Nxg5 O-O 14. Nxh7
Bf5 15. Rh4 Ng6 16. Rh5 Nh4 17. Nxf8 Qf6 18. Qc1 Rxf8 19. Qf4 Qxb2 20. Rf1 Qf6
21. Qxh4 Qxh4 22. Rxh4 Re8 23. f3 c6 24. Kf2 b5 25. Bb3 c5 26. Re1 Rxe1 27.
Kxe1 c4 28. Bxc4 bxc4 29. Rxc4 Bd3 30. Rc6 Bb1 31. a3 Ba2 32. Rxd6 Kf8 33. Rd7
a6 34. d6 Be6 35. Ra7 Ke8 36. Rxa6 Kd7 37. Rb6 g6 38. a4 f5 39. a5 Kc8 40. a6
Bd5 41. a7 Bb7 42. d7+ Kc7 43. d8=Q+ Kxd8 44. Rxb7 Kc8 45. a8=Q# 1-0

[Event "XXVI Ogolnopolska Olimpiada Mlodziezy"]
[Site "Pulawy"]
[Date "2020.10.06"]
[Round "3.16"]
[White "Madej, Marek"]
[Black "Leski, Franciszek"]
[Result "1-0"]
[WhiteElo "1835"]
[BlackElo "1379"]
[PlyCount "50"]
[EventDate "2020.10.04"]
[EventType "swiss"]
[Tiebreak "Sum of Buchholz+Median1 Buchholz+Sonneborn-Berger (Swiss)"]

1. e4 e6 2. d4 d5 3. Nd2 dxe4 4. Nxe4 Nd7 5. g3 Ngf6 6. Nxf6+ Nxf6 7. Bg2 c5 8.
Be3 Qb6 9. Ne2 Qxb2 10. dxc5 Nd5 11. Bd4 Qa3 12. O-O f6 13. Bxd5 exd5 14. Re1
Bxc5 15. Nf4+ Kf8 16. Qh5 Bf5 17. Qxf5 Bxd4 18. Ne6+ Kf7 19. Nxd4 Qd6 20. Rad1
g6 21. Qf3 Rhe8 22. Rxe8 Rb8 23. Nb5 Rxe8 24. Qxd5+ Kg7 25. Nc7 Qf8 1-0

[Event "XXVI Ogolnopolska Olimpiada Mlodziezy"]
[Site "Pulawy"]
[Date "2020.10.06"]
[Round "3.16"]
[White "Tarlowski, Bartosz"]
[Black "Duda, Szymon"]
[Result "0-1"]
[WhiteElo "1145"]
[BlackElo "1529"]
[PlyCount "122"]
[EventDate "2020.10.04"]
[EventType "swiss"]
[Tiebreak "Sum of Buchholz+Median1 Buchholz+Sonneborn-Berger (Swiss)"]

1. c4 e5 2. Nc3 Nc6 3. g3 f5 4. Bg2 Nf6 5. d3 d6 6. Bg5 Be7 7. Nf3 O-O 8. O-O
Be6 9. Qb3 Rb8 10. Bxf6 Bxf6 11. Nd5 g5 12. Nd2 h5 13. f4 exf4 14. gxf4 g4 15.
Nxf6+ Qxf6 16. Qc3 Qd4+ 17. Qxd4 Nxd4 18. Kf2 h4 19. Nb3 Nc6 20. Bxc6 bxc6 21.
Nd4 Bd7 22. b3 c5 23. Nc2 Bc6 24. Ne3 Rbe8 25. Nd5 Bxd5 26. cxd5 Re7 27. Rae1
Rfe8 28. e3 a5 29. a4 Rb8 30. Rb1 Rb7 31. Rb2 Re8 32. Re1 Reb8 33. Reb1 Kf7 34.
Kg2 Rb4 35. Kf2 Ke7 36. Kg2 Kd7 37. Kf2 c6 38. dxc6+ Kxc6 39. Ke2 d5 40. Kd2 c4
41. dxc4 dxc4 42. Rc2 Kd6 43. Rbc1 cxb3 44. Rc6+ Kd7 45. R6c5 g3 46. hxg3 hxg3
47. Rxf5 b2 48. Rb1 Rxa4 49. Rg5 Rab4 50. Rxg3 Rb3 51. Rg7+ Kc6 52. Ra7 Kb6 53.
Re7 a4 54. Kc2 Rc8+ 55. Kd2 a3 56. Re6+ Kb5 57. Re5+ Kb4 58. Re4+ Rc4 59. Rxc4+
Kxc4 60. Kc2 Rc3+ 61. Kd2 a2 0-1

[Event "XXVI Ogolnopolska Olimpiada Mlodziezy"]
[Site "Pulawy"]
[Date "2020.10.06"]
[Round "3.17"]
[White "Myrmus, Mateusz"]
[Black "Drzewiecki, Milosz"]
[Result "0-1"]
[WhiteElo "1826"]
[BlackElo "1246"]
[PlyCount "80"]
[EventDate "2020.10.04"]
[EventType "swiss"]
[Tiebreak "Sum of Buchholz+Median1 Buchholz+Sonneborn-Berger (Swiss)"]

1. e4 Nc6 2. Nc3 e5 3. Bc4 Nf6 4. d3 Bc5 5. f4 d6 6. f5 O-O 7. Bg5 Bb4 8. Nge2
Nd4 9. a3 Bxc3+ 10. Nxc3 c6 11. Qd2 b6 12. O-O-O Bb7 13. h4 d5 14. Ba2 b5 15.
g4 a5 16. Bxf6 Qxf6 17. exd5 cxd5 18. Bxd5 Bxd5 19. Nxd5 Qd6 20. Ne3 Rfc8 21.
Kb1 b4 22. Nc4 Qc5 23. a4 b3 24. c3 Nc2 25. Qg2 Rab8 26. f6 gxf6 27. Rhf1 Qe7
28. g5 f5 29. Rxf5 Qd7 30. Rdf1 Qxa4 31. Na3 Nxa3+ 32. bxa3 Qxa3 33. Qb2 Qd6
34. R1f3 a4 35. c4 a3 36. Qxe5 a2+ 37. Kb2 a1=Q+ 38. Kxa1 Qa3+ 39. Kb1 Qa2+ 40.
Kc1 Qc2# 0-1

[Event "XXVI Ogolnopolska Olimpiada Mlodziezy"]
[Site "Pulawy"]
[Date "2020.10.06"]
[Round "3.17"]
[White "Stanik, Szymon"]
[Black "Jozwik, Michal"]
[Result "0-1"]
[WhiteElo "1201"]
[BlackElo "1466"]
[PlyCount "81"]
[EventDate "2020.10.04"]
[EventType "swiss"]
[Tiebreak "Sum of Buchholz+Median1 Buchholz+Sonneborn-Berger (Swiss)"]

1. e4 c5 2. Nf3 g6 3. d4 cxd4 4. Qxd4 Nf6 5. Nc3 Nc6 6. Qa4 d6 7. e5 dxe5 8.
Nxe5 Qd4 9. Nxc6 Qxa4 10. Nxa4 bxc6 11. Nc3 Bf5 12. Bd3 Bxd3 13. cxd3 Bg7 14.
h3 O-O 15. Be3 Rfd8 16. Ke2 Nd5 17. Kd2 Nb4 18. a3 Nxd3 19. Kc2 Rab8 20. b4 c5
21. b5 a6 22. Rad1 c4 23. b6 Bd4 24. Bxd4 Rxd4 25. Na4 Re4 26. Rd2 Re5 27. Nb2
Nxb2 28. Kxb2 Rxb6+ 29. Kc3 Ra5 30. Kxc4 Rxa3 31. Kc5 Rab3 32. Ra1 Rb2 33. Rd7
Re6 34. g4 Rxf2 35. h4 Rf4 36. h5 gxh5 37. gxh5 Rf5+ 38. Kc4 Rxh5 39. Rc7 Rg5
40. Kd4 Kg7 41. Rb7 0-1

[Event "XXVI Ogolnopolska Olimpiada Mlodziezy"]
[Site "Pulawy"]
[Date "2020.10.06"]
[Round "3.17"]
[White "Tim, Anna"]
[Black "Gaczol, Julia"]
[Result "0-1"]
[WhiteElo "1237"]
[BlackElo "1360"]
[PlyCount "102"]
[EventDate "2020.10.04"]
[EventType "swiss"]
[Tiebreak "Sum of Buchholz+Median1 Buchholz+Sonneborn-Berger (Swiss)"]

1. d4 d5 2. c4 e6 3. Nc3 Be7 4. Nf3 Nf6 5. Bg5 O-O 6. e3 h6 7. Bh4 Nbd7 8. cxd5
Nxd5 9. Bxe7 Nxe7 10. Bd3 b6 11. Be4 c6 12. O-O Nf6 13. Bd3 Bb7 14. Rc1 Rc8 15.
Ne4 Ned5 16. Nxf6+ Qxf6 17. Ne5 Qe7 18. Qa4 Qc7 19. Nf3 a5 20. a3 Qe7 21. Ne5
Qd6 22. Nc4 Qc7 23. Qb3 c5 24. dxc5 Qxc5 25. Qc2 Qe7 26. Qd2 Qd8 27. Rfd1 Bc6
28. Be4 Qc7 29. Bxd5 exd5 30. Nxa5 bxa5 31. Rc5 a4 32. Rdc1 Qb7 33. Qc2 Bd7 34.
Rxc8 Rxc8 35. Qd2 Rxc1+ 36. Qxc1 Bc6 37. f3 Qd7 38. Qd2 Qe6 39. Qd4 f5 40. Kf2
Kf7 41. g3 Bb5 42. Qa7+ Qd7 43. Qd4 Qc6 44. Qd2 Qc4 45. Qd1 Ba6 46. Kg2 Qb5 47.
Kg1 Ke6 48. Qc1 Kd6 49. f4 Qe2 50. Kh1 Qf2 51. Qg1 Qxb2 0-1

[Event "XXVI Ogolnopolska Olimpiada Mlodziezy"]
[Site "Pulawy"]
[Date "2020.10.06"]
[Round "3.18"]
[White "Grzadka, Artur"]
[Black "Maslanka, Wojciech"]
[Result "1/2-1/2"]
[WhiteElo "1723"]
[BlackElo "1824"]
[PlyCount "60"]
[EventDate "2020.10.04"]
[EventType "swiss"]
[Tiebreak "Sum of Buchholz+Median1 Buchholz+Sonneborn-Berger (Swiss)"]

1. d4 Nf6 2. c4 g6 3. Nf3 d5 4. cxd5 Bg7 5. g3 Nxd5 6. Bg2 O-O 7. Nc3 Nb6 8.
O-O Nc6 9. d5 Bxc3 10. dxc6 Bf6 11. cxb7 Bxb7 12. Qc2 e6 13. Be3 Nd5 14. Bc5
Re8 15. Rfd1 Qc8 16. Rac1 Bg7 17. Nd4 Bh6 18. Rb1 a6 19. b4 e5 20. Nb3 Nxb4 21.
Bxb7 Qxb7 22. Qc4 a5 23. Nxa5 Rxa5 24. Bxb4 Qa6 25. Qxc7 Rxa2 26. Rd6 Qc8 27.
Qxc8 Rxc8 28. Rbd1 Bf8 29. Rd8 Raa8 30. Rxf8+ Rxf8 1/2-1/2

[Event "XXVI Ogolnopolska Olimpiada Mlodziezy"]
[Site "Pulawy"]
[Date "2020.10.06"]
[Round "3.18"]
[White "Kokot, Agnieszka"]
[Black "Grzesik, Nikola"]
[Result "1/2-1/2"]
[WhiteElo "1244"]
[BlackElo "1340"]
[PlyCount "60"]
[EventDate "2020.10.04"]
[EventType "swiss"]
[Tiebreak "Sum of Buchholz+Median1 Buchholz+Sonneborn-Berger (Swiss)"]

1. d4 Nf6 2. Nf3 g6 3. c4 Bg7 4. Nc3 O-O 5. e4 d6 6. Be2 e5 7. dxe5 dxe5 8.
Qxd8 Rxd8 9. Bg5 Re8 10. Nd5 Nxd5 11. cxd5 c6 12. Bc4 Bd7 13. O-O-O cxd5 14.
Bxd5 Bc6 15. Kb1 Bxd5 16. Rxd5 f6 17. Be3 Nc6 18. Rhd1 b6 19. a3 Rad8 20. Rxd8
Rxd8 21. Rxd8+ Nxd8 22. Nd2 Kf7 23. Kc2 Ke6 24. Kc3 Kd7 25. a4 Nb7 26. b4 f5
27. f3 Bf8 28. Nc4 Bd6 29. g3 fxe4 30. fxe4 Kc6 1/2-1/2

[Event "XXVI Ogolnopolska Olimpiada Mlodziezy"]
[Site "Pulawy"]
[Date "2020.10.06"]
[Round "3.18"]
[White "Rozek, Michal"]
[Black "Bartnik, Michal"]
[Result "1/2-1/2"]
[WhiteElo "1442"]
[BlackElo "1278"]
[PlyCount "69"]
[EventDate "2020.10.04"]
[EventType "swiss"]
[Tiebreak "Sum of Buchholz+Median1 Buchholz+Sonneborn-Berger (Swiss)"]

1. e4 e5 2. Nf3 Nc6 3. Bc4 Bc5 4. O-O Nf6 5. d3 d6 6. c3 Be6 7. Bb3 Bg4 8. Nbd2
h6 9. Bc2 Bb6 10. Re1 O-O 11. Nf1 Re8 12. Ng3 d5 13. h3 Bc8 14. b4 dxe4 15.
dxe4 Qxd1 16. Rxd1 a6 17. Re1 Bd7 18. Be3 Rad8 19. Rad1 Be6 20. Rxd8 Rxd8 21.
a4 Bxe3 22. Rxe3 Bc4 23. Nf1 Re8 24. N1d2 Be6 25. Nb3 Nd7 26. a5 f6 27. Re1 Kf7
28. Nfd2 Ke7 29. f3 Kf7 30. Nf1 Rc8 31. Ne3 Ke8 32. Nf5 Kf7 33. Rd1 h5 34. Ne3
Ke8 35. Nd5 1/2-1/2

[Event "XXVI Ogolnopolska Olimpiada Mlodziezy"]
[Site "Pulawy"]
[Date "2020.10.06"]
[Round "3.19"]
[White "Backiel, Hubert"]
[Black "Zalega, Maciej"]
[Result "1-0"]
[WhiteElo "2073"]
[BlackElo "1713"]
[PlyCount "97"]
[EventDate "2020.10.04"]
[EventType "swiss"]
[Tiebreak "Sum of Buchholz+Median1 Buchholz+Sonneborn-Berger (Swiss)"]

1. e4 c5 2. Nf3 d6 3. Bb5+ Nd7 4. a4 Ngf6 5. Nc3 a6 6. Be2 b6 7. O-O Bb7 8. d3
e6 9. Re1 Be7 10. h3 O-O 11. Bf1 Qc7 12. Bf4 e5 13. Bh2 Nb8 14. Nd2 Nc6 15. Nc4
Nd4 16. f4 Nd7 17. Ne3 Qd8 18. Ncd5 exf4 19. Bxf4 Ne5 20. c3 Ne6 21. Bg3 Bg5
22. d4 Ng6 23. Nf5 Bxd5 24. exd5 Nef4 25. h4 Nxh4 26. Nxh4 Bxh4 27. Bxf4 Bxe1
28. Qxe1 cxd4 29. cxd4 Qf6 30. Qf2 g5 31. Bd2 Qg6 32. Rc1 b5 33. Rc3 Rfc8 34.
Rh3 h6 35. Bd3 Qg7 36. a5 Ra7 37. Qf5 Re8 38. Kh2 Rae7 39. Rh5 b4 40. Bxg5 Re2
41. Bxe2 Rxe2 42. Qc8+ Qf8 43. Qxf8+ Kxf8 44. Rxh6 Rxb2 45. Rxd6 Ra2 46. Rxa6
b3 47. Bf6 Ke8 48. Rd6 Rxg2+ 49. Kxg2 1-0

[Event "XXVI Ogolnopolska Olimpiada Mlodziezy"]
[Site "Pulawy"]
[Date "2020.10.06"]
[Round "3.19"]
[White "Kicinska, Magdalena"]
[Black "Mazurek, Maja"]
[Result "0-1"]
[WhiteElo "1216"]
[BlackElo "1220"]
[PlyCount "110"]
[EventDate "2020.10.04"]
[EventType "swiss"]
[Tiebreak "Sum of Buchholz+Median1 Buchholz+Sonneborn-Berger (Swiss)"]

1. d4 d5 2. Nf3 Nf6 3. Bg5 e6 4. Nbd2 c5 5. e3 Nc6 6. c3 cxd4 7. exd4 Be7 8.
Bd3 h6 9. Bxf6 Bxf6 10. O-O O-O 11. Rc1 Re8 12. Bb1 e5 13. dxe5 Nxe5 14. Nxe5
Bxe5 15. Nf3 Bf4 16. Rc2 Be6 17. Re2 Qc7 18. Qd3 g6 19. h4 Qd7 20. Nd4 Bg4 21.
f3 Rxe2 22. Nxe2 Bf5 23. Qd4 Bc7 24. Bxf5 Qxf5 25. Qg4 Qc2 26. Nf4 Bxf4 27.
Qxf4 Qxb2 28. Qxh6 Qxc3 29. h5 Qd4+ 30. Rf2 gxh5 31. Qg5+ Kf8 32. Qxh5 Rd8 33.
Qg5 Rc8 34. Qh6+ Ke7 35. Qg5+ f6 36. Qd2 Qxd2 37. Rxd2 Kd6 38. Kf2 Rc3 39. Kg3
Rc4 40. f4 f5 41. Rd3 d4 42. Kh4 Kd5 43. g4 fxg4 44. Kxg4 Ke4 45. Rd1 d3 46. f5
Ke3+ 47. Kg5 Ke2 48. Rg1 d2 49. f6 d1=Q 50. Rxd1 Kxd1 51. f7 Rc8 52. Kg6 b5 53.
Kg7 a5 54. f8=Q Rxf8 55. Kxf8 b4 0-1

[Event "XXVI Ogolnopolska Olimpiada Mlodziezy"]
[Site "Pulawy"]
[Date "2020.10.06"]
[Round "3.19"]
[White "Klim, Filip"]
[Black "Glaz, Michal"]
[Result "1-0"]
[WhiteElo "1843"]
[BlackElo "1180"]
[PlyCount "55"]
[EventDate "2020.10.04"]
[EventType "swiss"]
[Tiebreak "Sum of Buchholz+Median1 Buchholz+Sonneborn-Berger (Swiss)"]

1. e4 c5 2. Nf3 e6 3. d4 cxd4 4. Nxd4 a6 5. c4 d6 6. Nc3 Nf6 7. Be2 Be7 8. O-O
Qc7 9. f4 Nc6 10. Be3 Bd7 11. Kh1 Rd8 12. Rc1 Nxd4 13. Bxd4 Bc6 14. Bf3 O-O 15.
Qe1 Rfe8 16. Qf2 Rc8 17. g4 Nd7 18. Be3 Nc5 19. Rfd1 a5 20. g5 b6 21. Rd2 Qb7
22. Qg2 Red8 23. Bd4 Kh8 24. Re1 f5 25. Qh3 fxe4 26. g6 Kg8 27. Qxh7+ Kf8 28.
Qh3 1-0

[Event "XXVI Ogolnopolska Olimpiada Mlodziezy"]
[Site "Pulawy"]
[Date "2020.10.06"]
[Round "3.19"]
[White "Leks, Emilia"]
[Black "Wesolowska, Liliana"]
[Result "1-0"]
[WhiteElo "1211"]
[BlackElo "1033"]
[PlyCount "99"]
[EventDate "2020.10.04"]
[EventType "swiss"]
[Tiebreak "Sum of Buchholz+Median1 Buchholz+Sonneborn-Berger (Swiss)"]

1. d4 d6 2. Nf3 Nf6 3. Bg5 Nbd7 4. e3 e5 5. Nbd2 Be7 6. Bd3 b6 7. Bb5 Bb7 8.
dxe5 dxe5 9. Nxe5 Bxg2 10. Rg1 Bb7 11. Bxf6 Bxf6 12. Nxd7 c6 13. Nxf6+ Qxf6 14.
Bd3 Qxb2 15. Ne4 Rd8 16. Qc1 Qb4+ 17. Qd2 Qb2 18. Qc3 Qxc3+ 19. Nxc3 O-O 20.
Ne4 c5 21. Nf6+ Kh8 22. Nxh7 c4 23. Nxf8 cxd3 24. cxd3 Rxd3 25. Rd1 Rxd1+ 26.
Kxd1 Bc6 27. Ng6+ fxg6 28. Rxg6 Bd5 29. a3 Kh7 30. Rd6 Bb3+ 31. Kd2 b5 32. Ra6
Bc4 33. Rxa7 Kg8 34. f4 Kf8 35. h4 g6 36. e4 Kg8 37. f5 gxf5 38. exf5 Kh8 39.
f6 Kg8 40. h5 Kh8 41. h6 Kg8 42. Kc3 Kh8 43. f7 Bxf7 44. Rxf7 Kg8 45. Rb7 Kh8
46. Kd4 Kg8 47. Ke5 Kh8 48. Kf6 Kg8 49. Kg6 Kh8 50. Rb8# 1-0

[Event "XXVI Ogolnopolska Olimpiada Mlodziezy"]
[Site "Pulawy"]
[Date "2020.10.06"]
[Round "3.20"]
[White "Bialek, Alicja"]
[Black "Karys, Katarzyna"]
[Result "1-0"]
[WhiteElo "1457"]
[BlackElo "1132"]
[PlyCount "81"]
[EventDate "2020.10.04"]
[EventType "swiss"]
[Tiebreak "Sum of Buchholz+Median1 Buchholz+Sonneborn-Berger (Swiss)"]

1. f4 d5 2. Nf3 e6 3. g3 Nf6 4. Bg2 Bc5 5. e3 Nc6 6. Qe2 O-O 7. O-O Re8 8. b3
e5 9. fxe5 Nxe5 10. Nxe5 Rxe5 11. Bb2 Re6 12. Qb5 Bb6 13. Bxf6 Rxf6 14. Rxf6
Bd7 15. Qxd5 Qxf6 16. Qxb7 Re8 17. c3 h6 18. Na3 Qd6 19. Nc4 Qd3 20. Qd5 Qxd5
21. Bxd5 Be6 22. Bxe6 Rxe6 23. d4 Kf8 24. Re1 c5 25. Nxb6 axb6 26. dxc5 bxc5
27. b4 cxb4 28. cxb4 Rb6 29. Rb1 Ra6 30. Rb2 Ra3 31. b5 Rxe3 32. b6 Re8 33. b7
Rb8 34. a4 Ke7 35. a5 Kd7 36. a6 Kc7 37. a7 Rxb7 38. Rc2+ Kb6 39. a8=Q Re7 40.
Qb8+ Ka6 41. Ra2# 1-0

[Event "XXVI Ogolnopolska Olimpiada Mlodziezy"]
[Site "Pulawy"]
[Date "2020.10.06"]
[Round "3.20"]
[White "Pniewska, Beata"]
[Black "Najdecka, Laura"]
[Result "1-0"]
[WhiteElo "1170"]
[BlackElo "1106"]
[PlyCount "139"]
[EventDate "2020.10.04"]
[EventType "swiss"]
[Tiebreak "Sum of Buchholz+Median1 Buchholz+Sonneborn-Berger (Swiss)"]

1. e4 e5 2. Nf3 Nc6 3. Bc4 Bc5 4. d3 d6 5. Nc3 h6 6. O-O Nf6 7. h3 O-O 8. Ne2
Be6 9. Bb3 Nd4 10. Nexd4 Bxd4 11. c3 Bb6 12. Re1 Re8 13. a4 a5 14. Be3 c6 15.
Bc2 c5 16. d4 cxd4 17. cxd4 exd4 18. Nxd4 Rc8 19. Nxe6 Rxe6 20. Bf4 Bc7 21. Qf3
d5 22. e5 g5 23. Bf5 gxf4 24. Bxe6 fxe6 25. exf6 Qxf6 26. Qg4+ Kf7 27. Qh5+ Kg7
28. Re2 Bb6 29. Rae1 Rc6 30. Qg4+ Kf7 31. Qf3 Qh4 32. Qd3 d4 33. Qh7+ Kf6 34.
Qxb7 Rd6 35. Qb8 Rc6 36. Qe5+ Kf7 37. Qh8 d3 38. Qh7+ Kf6 39. Qxd3 Qg5 40. Qe4
Rd6 41. Qe5+ Qxe5 42. Rxe5 Bd4 43. R5e2 Rb6 44. Rd2 e5 45. Kh2 Rb4 46. Ra1 e4
47. Rad1 Ke5 48. b3 e3 49. fxe3 fxe3 50. Re2 Rxb3 51. Ra2 Rb2 52. Rxb2 Bxb2 53.
Re1 Ke4 54. Kg3 Bc3 55. Re2 Kd3 56. Kf3 Bd2 57. h4 Kc3 58. g4 Kd3 59. g5 hxg5
60. hxg5 Bc3 61. Rxe3+ Kc4 62. Rxc3+ Kxc3 63. g6 Kb4 64. g7 Kxa4 65. g8=Q Kb4
66. Ke3 a4 67. Kd4 a3 68. Qc4+ Ka5 69. Kc5 a2 70. Qb5# 1-0

[Event "XXVI Ogolnopolska Olimpiada Mlodziezy"]
[Site "Pulawy"]
[Date "2020.10.06"]
[Round "3.20"]
[White "Trzebinski, Patryk"]
[Black "Kozera, Dawid"]
[Result "1-0"]
[WhiteElo "1837"]
[BlackElo "1450"]
[PlyCount "43"]
[EventDate "2020.10.04"]
[EventType "swiss"]
[Tiebreak "Sum of Buchholz+Median1 Buchholz+Sonneborn-Berger (Swiss)"]

1. e4 c5 2. Nf3 e6 3. d4 cxd4 4. Nxd4 Nf6 5. Nc3 Bb4 6. e5 Nd5 7. Qg4 Kf8 8.
Bd2 Bxc3 9. bxc3 h5 10. Qg3 a6 11. c4 Ne7 12. Qa3 Qc7 13. f4 Nbc6 14. Nxc6 Qxc6
15. Bb4 Ke8 16. Bxe7 Qe4+ 17. Be2 Qxg2 18. Bg5 f6 19. Bf3 Qxc2 20. exf6 gxf6
21. Bxf6 Rh7 22. Bxh5+ 1-0

[Event "XXVI Ogolnopolska Olimpiada Mlodziezy"]
[Site "Pulawy"]
[Date "2020.10.06"]
[Round "3.20"]
[White "Zieba, Hubert"]
[Black "Grzebieniowski, Michal"]
[Result "1/2-1/2"]
[WhiteElo "1424"]
[BlackElo "1588"]
[PlyCount "73"]
[EventDate "2020.10.04"]
[EventType "swiss"]
[Tiebreak "Sum of Buchholz+Median1 Buchholz+Sonneborn-Berger (Swiss)"]

1. c4 c6 2. Nf3 d5 3. b3 dxc4 4. bxc4 e5 5. Qc2 Nd7 6. Bb2 Qc7 7. g3 Ngf6 8.
Bg2 Bd6 9. O-O O-O 10. d3 Re8 11. Nbd2 h6 12. Rab1 b6 13. a4 Bb7 14. Bc3 c5 15.
Ne1 Bxg2 16. Nxg2 Qc6 17. e4 Bc7 18. f4 Rad8 19. f5 Nb8 20. Nf3 Qd7 21. Rbd1
Nc6 22. Ne3 Nd4 23. Bxd4 cxd4 24. Ng2 Rc8 25. h3 Nh7 26. g4 Qe7 27. Qd2 Bd6 28.
Rb1 Rb8 29. h4 f6 30. Kf2 Kf7 31. Rh1 Rh8 32. Nge1 Bc5 33. Nc2 Rbg8 34. Rbg1 g5
35. hxg5 hxg5 36. Rh5 Nf8 37. Rgh1 1/2-1/2

[Event "XXVI Ogolnopolska Olimpiada Mlodziezy"]
[Site "Pulawy"]
[Date "2020.10.06"]
[Round "3.21"]
[White "Brelinska, Matylda"]
[Black "Skolska, Emilia"]
[Result "0-1"]
[WhiteElo "1180"]
[BlackElo "1401"]
[PlyCount "100"]
[EventDate "2020.10.04"]
[EventType "swiss"]
[Tiebreak "Sum of Buchholz+Median1 Buchholz+Sonneborn-Berger (Swiss)"]

1. e4 e5 2. Nf3 Nc6 3. Bb5 a6 4. Ba4 d6 5. h3 Nf6 6. d3 Be7 7. O-O O-O 8. Nc3
Re8 9. d4 b5 10. dxe5 Nxe5 11. Nxe5 dxe5 12. Bb3 Bb7 13. Qf3 c6 14. a3 h6 15.
Re1 Bc5 16. Be3 Qe7 17. Rad1 Rad8 18. Qg3 Bxe3 19. Rxe3 Rxd1+ 20. Nxd1 Nh5 21.
Qg4 Nf4 22. g3 Bc8 23. Qf3 Nxh3+ 24. Kh2 Ng5 25. Qe2 Qd7 26. Rd3 Qh3+ 27. Kg1
Bg4 28. Qf1 Nf3+ 29. Rxf3 Qxf1+ 30. Kxf1 Bxf3 31. Ne3 Bxe4 32. Ke2 Kf8 33. f3
Bg6 34. Ng4 f5 35. Nf2 Ke7 36. Nd3 Kd6 37. Kd2 c5 38. c4 Bf7 39. Kc3 g5 40. Nf2
e4 41. fxe4 fxe4 42. cxb5 Bxb3 43. Kxb3 axb5 44. Kc2 e3 45. Nd3 c4 46. Ne1 Kd5
47. Kd1 Ke4 48. Ke2 Rd8 49. Nf3 g4 50. Ne1 Rd2+ 0-1

[Event "XXVI Ogolnopolska Olimpiada Mlodziezy"]
[Site "Pulawy"]
[Date "2020.10.06"]
[Round "3.21"]
[White "Bury, Milosz"]
[Black "Malinowski, Szymon"]
[Result "0-1"]
[WhiteElo "1436"]
[BlackElo "1740"]
[PlyCount "74"]
[EventDate "2020.10.04"]
[EventType "swiss"]
[Tiebreak "Sum of Buchholz+Median1 Buchholz+Sonneborn-Berger (Swiss)"]

1. e4 c6 2. d4 d5 3. Nc3 dxe4 4. Nxe4 Bf5 5. Ng3 Bg6 6. h4 h6 7. Nf3 Nf6 8. Bd3
Bxd3 9. Qxd3 e6 10. Bd2 Nbd7 11. O-O-O Qc7 12. Rhe1 O-O-O 13. Kb1 Bd6 14. Ne4
Nxe4 15. Rxe4 Nf6 16. Re2 c5 17. Bc1 c4 18. Qd2 Nd5 19. Ne5 b5 20. c3 b4 21.
cxb4 Bxb4 22. Qc2 Nb6 23. Bf4 Bd6 24. Rc1 f6 25. Nxc4 Bxf4 26. Nxb6+ axb6 27.
Qxc7+ Bxc7 28. Rxe6 Kd7 29. d5 Rhe8 30. Rec6 Rc8 31. d6 Bxd6 32. Rxb6 Rxc1+ 33.
Kxc1 Re2 34. a4 Rxf2 35. a5 Rxg2 36. b4 Ra2 37. a6 Bc7 0-1

[Event "XXVI Ogolnopolska Olimpiada Mlodziezy"]
[Site "Pulawy"]
[Date "2020.10.06"]
[Round "3.21"]
[White "Kowalski, Witold"]
[Black "Jaworski, Tymon"]
[Result "0-1"]
[WhiteElo "1330"]
[BlackElo "1580"]
[PlyCount "64"]
[EventDate "2020.10.04"]
[EventType "swiss"]
[Tiebreak "Sum of Buchholz+Median1 Buchholz+Sonneborn-Berger (Swiss)"]

1. e4 e5 2. Nf3 Nc6 3. d4 exd4 4. Bc4 Bc5 5. O-O d6 6. Ng5 Nh6 7. Kh1 Qe7 8. f4
Bg4 9. Qe1 f6 10. Nf3 Be6 11. Bb5 Bd7 12. a3 a6 13. Bxc6 Bxc6 14. b4 Bb6 15.
Nbd2 Bb5 16. Rg1 d3 17. c4 Bxg1 18. Qxg1 Bc6 19. Qd4 O-O 20. Qxd3 Rfe8 21. e5
dxe5 22. fxe5 fxe5 23. Ne4 Ng4 24. Kg1 Nf6 25. Nxf6+ Qxf6 26. Bg5 Qf7 27. Qe2
Bxf3 28. gxf3 Qg6 29. Qg2 e4 30. fxe4 Rxe4 31. c5 h6 32. Bc1 Rg4 0-1

[Event "XXVI Ogolnopolska Olimpiada Mlodziezy"]
[Site "Pulawy"]
[Date "2020.10.06"]
[Round "3.21"]
[White "Mitrega, Wiktoria"]
[Black "Feliks, Agnieszka"]
[Result "1-0"]
[WhiteElo "1064"]
[BlackElo "1149"]
[PlyCount "133"]
[EventDate "2020.10.04"]
[EventType "swiss"]
[Tiebreak "Sum of Buchholz+Median1 Buchholz+Sonneborn-Berger (Swiss)"]

1. e4 e5 2. f4 Nc6 3. Nf3 d6 4. Bc4 Bg4 5. c3 Nf6 6. d3 a6 7. a3 Qd7 8. b4 d5
9. exd5 Nxd5 10. fxe5 Nb6 11. Ba2 Bxf3 12. Qxf3 Nxe5 13. Qe4 O-O-O 14. O-O f6
15. d4 Nec4 16. Nd2 Nxd2 17. Bxd2 Re8 18. Qf3 Kb8 19. Rfe1 Rxe1+ 20. Rxe1 f5
21. Be6 Qa4 22. Qxf5 Qxa3 23. Bd5 Bd6 24. Bf3 Nc4 25. Qd5 c6 26. Qxc4 Qa4 27.
Bd1 Qb5 28. Qxb5 axb5 29. Rf1 b6 30. Be2 Re8 31. Bf3 c5 32. bxc5 bxc5 33. dxc5
Bxc5+ 34. Kh1 Rf8 35. Be2 Rd8 36. Bf4+ Kb7 37. Bxb5 Kb6 38. Be2 Re8 39. Bf3 Kb5
40. h3 Rf8 41. Be5 g6 42. Bd4 Bd6 43. Be2+ Kc6 44. Rxf8 Bxf8 45. Kh2 Bd6+ 46.
g3 Kd5 47. h4 Bf8 48. Kh3 Ke4 49. Kg4 h6 50. Bf3+ Kd3 51. h5 g5 52. Kf5 Bd6 53.
g4 Bf4 54. Kg6 Be3 55. Bxe3 Kxe3 56. Kxh6 Kxf3 57. Kxg5 Ke4 58. h6 Kd3 59. h7
Kxc3 60. h8=Q+ Kb4 61. Qc8 Ka3 62. Qb8 Ka2 63. Kf4 Ka1 64. Ke3 Ka2 65. Kd4 Ka3
66. Kc3 Ka2 67. Qb2# 1-0

[Event "XXVI Ogolnopolska Olimpiada Mlodziezy"]
[Site "Pulawy"]
[Date "2020.10.06"]
[Round "3.22"]
[White "Biniak, Zuzanna"]
[Black "Golinska, Patrycja"]
[Result "0-1"]
[WhiteElo "1339"]
[BlackElo "1264"]
[PlyCount "88"]
[EventDate "2020.10.04"]
[EventType "swiss"]
[Tiebreak "Sum of Buchholz+Median1 Buchholz+Sonneborn-Berger (Swiss)"]

1. e4 e5 2. Nf3 Nc6 3. Bb5 Nf6 4. O-O Bc5 5. Re1 O-O 6. c3 d6 7. d4 Bb6 8. d5
Ne7 9. h3 h6 10. Nbd2 Ng6 11. Nf1 a6 12. Bd3 Re8 13. Bc2 Nh5 14. a4 Ngf4 15.
Bxf4 Nxf4 16. Ng3 Qf6 17. Qd2 Nxh3+ 18. gxh3 Qxf3 19. Nf5 Bxf5 20. exf5 e4 21.
Qe2 Qg3+ 22. Kf1 Qxh3+ 23. Kg1 Qxf5 24. a5 Ba7 25. Ra4 Re5 26. Rxe4 Qg5+ 27.
Kf1 Rae8 28. Qf3 Rxe4 29. Bxe4 Re5 30. Qg3 Qd2 31. Qh4 f5 32. Qd8+ Kh7 33. Re2
Qc1+ 34. Re1 Qxb2 35. Re2 Qxc3 36. Rc2 Qh3+ 37. Bg2 Qd3+ 38. Kg1 Qxc2 39. Qh4
Re1+ 40. Bf1 Qe2 41. Kh2 Rxf1 42. Qxh6+ Kxh6 43. Kh3 Qf3+ 44. Kh4 Rh1# 0-1